000 00298nam a22001217a 4500
008 170605b xxu||||| |||| 00| 0 eng d
041 _aeng
080 _a94(100)
100 _a18
101 _aSHH
245 _aSTILWELL AND THE AMERICAN EXPERIENCE IN CHINA 1911-45
_cTUCHMAN,B.W
942 _2udc
_cBK
999 _c15854
_d15854